Omloop Het Nieuwsblad Cycling Race Winners - Statistics

General Stats
  • This quiz has been taken 3 times
  • The average score is 6 of 79
Answer Stats
Year Country Winner % Correct
2026 Netherlands Mathieu van der Poel
100%
2022 Belgium Wout van Aert
67%
2023 Netherlands Dylan van Baarle
33%
1973 Belgium Eddy Merckx
33%
1971 Belgium Eddy Merckx
33%
2017 Belgium Greg Van Avermaet
33%
2016 Belgium Greg Van Avermaet
33%
2024 Slovenia Jan Tratnik
33%
2020 Belgium Jasper Stuyven
33%
2003 Belgium Johan Museeuw
33%
2000 Belgium Johan Museeuw
33%
2010 Spain Juan Antonio Flecha
33%
2001 Italy Michele Bartoli
33%
2005 Belgium Nick Nuyens
33%
2025 Norway Søren Wærenskjold
33%
2019 Czech Republic Zdenek Štybar
33%
1947 Belgium Albert Sercu
0%
1983 Belgium Alfons De Wolf
0%
1982 Belgium Alfons De Wolf
0%
1991 Germany Andreas Kappes
0%
1950 Belgium André Declerck
0%
1949 Belgium André Declerck
0%
1946 Belgium André Pieters
0%
1961 Belgium Arthur De Cabooter
0%
2021 Italy Davide Ballerini
0%
1985 Belgium Eddy Planckaert
0%
1984 Belgium Eddy Planckaert
0%
1956 Belgium Ernest Sterckx
0%
1953 Belgium Ernest Sterckx
0%
1952 Belgium Ernest Sterckx
0%
1989 Belgium Etienne De Wilde
0%
2007 Italy Filippo Pozzato
0%
1995 Italy Franco Ballerini
0%
1999 Belgium Frank Vandenbroucke
0%
1964 Belgium Frans Melckenbeek
0%
1972 Belgium Frans Verbeeck
0%
1970 Belgium Frans Verbeeck
0%
1978 Belgium Freddy Maertens
0%
1977 Belgium Freddy Maertens
0%
1968 Belgium Herman Van Springel
0%
2015 Great Britain Ian Stannard
0%
2014 Great Britain Ian Stannard
0%
1981 Netherlands Jan Raas
0%
1951 Belgium Jean Bogaerts
0%
1945 Belgium Jean Bogaerts
0%
1966 Netherlands Jo de Roo
0%
1992 Belgium Johan Capiot
0%
1990 Belgium Johan Capiot
0%
1980 Belgium Joseph Bruyère
0%
1975 Belgium Joseph Bruyère
0%
1974 Belgium Joseph Bruyère
0%
1958 Belgium Joseph Planckaert
0%
1954 Belgium Karel De Baere
0%
1955 Belgium Lode Anthonis
0%
2013 Italy Luca Paolini
0%
2018 Denmark Michael Valgren
0%
1965 Belgium Noël De Pauw
0%
1957 Belgium Norbert Kerckhove
0%
2002 Belgium Peter Van Petegem
0%
1998 Belgium Peter Van Petegem
0%
1997 Belgium Peter Van Petegem
0%
2008 Belgium Philippe Gilbert
0%
2006 Belgium Philippe Gilbert
0%
1963 Belgium René Van Meenen
0%
1962 Belgium Robert De Middeleir
0%
1979 Belgium Roger De Vlaeminck
0%
1969 Belgium Roger De Vlaeminck
0%
1988 Belgium Ronny Van Holen
0%
1959 Ireland Seamus Elliott
0%
2011 Netherlands Sebastian Langeveld
0%
2012 Belgium Sep Vanmarcke
0%
1948 Belgium Sylvain Grysolle
0%
1987 Netherlands Teun van Vliet
0%
2009 Norway Thor Hushovd
0%
1996 Belgium Tom Steels
0%
1994 Belgium Wilfried Nelissen
0%
1993 Belgium Wilfried Nelissen
0%
1976 Belgium Willem Peeters
0%
1967 Belgium Willy Vekemans
0%
No matching quizzes found
Score Distribution
Percent of People with Each Score
Percentile by Number Answered
Your Score History
You have not taken this quiz